000 00861cam a22002897a 4500
003 CHAP
005 20220329140735.0
008 971013s1986 r 00010 d
010 _a56838
011 _a57810
035 _a61965
040 _cCHAP
082 _a860
_bS6
100 0 0 _aSodi M., Demetrio.
_9108260
245 1 3 _aLa literatura de los mayas
260 _aMéxico, D.F. :
_bSecretaría de Educación Pública,
_c1986
300 _a158 p.
490 0 _aSegunda serie: lecturas mexicanas
_v; 68
590 _aBATCH-UPD
_b10
_c20130110
_lUCH01
_h0602
590 _aCONVERSION
_b10
_c20130109
_lUCH01
_h1331
650 1 4 _aLiteratura maya.
_967137
650 1 4 _aMayas.
_973209
830 0 _aSegunda serie: lecturas mexicanas
_v; 68
_9103635
901 _aBK
942 _cLIBRO
949 _a860 S6
_bBC
_cLIBRO
_d33724000256533
_eLIBRO
_h69923
_i61965
_si
999 _c56838
_d56838